000
00193 a2200097 4500
001
11361
100
_a
Worsley, P
245
_a
Inside China
260
_a
_b
Allen Lane
_c
090
_c
8910
_d
8910
942
_a
NUST-CAE
_c
M
_c
35723
999
_c
246434
_d
246434